00569nam a22001577a 450000500170000001000150001702000260003203500140005803700130007208200080008510000170009324501220011026000430023227001160027530000200039120220729165308.0 aENG-134106 a9789387871731c150.00 aEN-117638 bDBAB/PUB a658 aShophiya, R. aA Study On Consumer's Satisfaction Towards Various Brands of Malted Milk Food in Gobichettipalayam Town/cR. Shophiya aTamil NadubShanlax Publicationsc2018 a61, T.P.K. Main Road, Vasantha Nagar, MaduraibMaduraie625003k0452-4208765mpublisher@shanlaxpublications.com a76p.c22cm(pbk)